Three shades of green: Privatization, pollution and protest (Record no. 394676)

MARC details
000 -LEADER
fixed length control field 00620 a2200229 4500
005 - DATE & TIME
control field 20260314094922.0
008 - FIXED-LENGTH DATA ELEMENTS--GENERAL INFORMATION
fixed length control field 260313b |||||||| |||| 00| 0 eng d
020 ## - ISBN
International Standard Book Number 9789350027950
Price Rs. 995.00
040 ## - CATALOGING SOURCE
Original cataloging agency VIVEKANANDA LIBRARY
082 ## - DDC NUMBER
Classification number 333.720954
Book Number P885T
100 ## - MAIN ENTRY--PERSONAL NAME
Personal name Kumar, Pramod, ed.
245 ## - TITLE STATEMENT
Title Three shades of green: Privatization, pollution and protest
260 ## - PUBLICATION, DISTRIBUTION, ETC. (IMPRINT)
Name of publisher, distributor, etc Aakar Books
Place of publication, distribution, etc Delhi
Date of publication, distribution, etc 2023
300 ## - PHYSICAL DESCRIPTION
Pages 328
650 ## - Subject
Subject Economics
650 ## - Subject
Subject Natural Resources
650 ## - Subject
Subject Environmental Problems
650 ## - Subject
Subject Pollution
700 ## - Added Entry Personal Name
Added Entry Personal Name Abbi, Kumool, ed.
700 ## - Added Entry Personal Name
Added Entry Personal Name Kumar, Amit, ed.
942 ## - ADDED ENTRY ELEMENTS (KOHA)
Koha item type Books
Holdings
Withdrawn status Lost status Source of classification or shelving scheme Damaged status Not for loan Location (home branch) Sublocation or collection (holding branch) Shelving location Date acquired Koha issues (times borrowed) Koha full call number Accession No. Koha date last seen Koha item type
    Dewey Decimal Classification     VIVEKANANDA LIBRARY VIVEKANANDA LIBRARY Vivekananda Library 18/02/2026   333.720954 P885T 438458 18/02/2026 Books
© Designed and Maintained by Vivekananda Library, MDU Rohtak